[Event "CRO-chT3 West"]
[Site "Croatia"]
[Date "2020.09.12"]
[Round "1.6"]
[White "Matijevic, Karlo"]
[Black "Fiskus, Eva"]
[Result "0-1"]
[WhiteElo "1608"]
[BlackElo "1216"]
[PlyCount "48"]
[EventDate "2020.09.12"]
[EventType "team-tourn"]
[EventRounds "9"]
[EventCountry "CRO"]
[SourceTitle "EXT 2022"]
[Source "ChessBase"]
[SourceDate "2021.10.06"]
[SourceVersion "1"]
[SourceVersionDate "2021.10.06"]
[SourceQuality "1"]
[WhiteTeam "Gospic"]
[BlackTeam "Porec Gortan II"]
[WhiteTeamCountry "CRO"]
[BlackTeamCountry "CRO"]

1. e4 e5 2. Nf3 Nc6 3. Bb5 d6 4. d4 Bd7 5. Nc3 Nf6 6. Bg5 h6 7. Bh4 g5 8. Bg3 Qe7 9. d5 Nb8 10. Qd3 Bxb5 11. Qxb5+ c6 12. dxc6 bxc6 13. Qa4 Bg7 14. h3 0-0 15. 0-0-0 Rd8 16. Rd2 Qb7 17. Rhd1 Qc7 18. Bxe5 Ne8 19. Qd4 Bxe5 20. Nxe5 Na6 21. Nc4 Rab8 22. e5 d5 23. Ne3 Qb7 24. Nf5 Qxb2# 0-1

[Event "CRO-chT U20 26th"]
[Site "Sv Filip i Jakov"]
[Date "2018.04.03"]
[Round "1.23"]
[White "Birkic, Josip"]
[Black "Fiskus, Eva"]
[Result "1-0"]
[WhiteElo "1781"]
[BlackElo "1294"]
[PlyCount "101"]
[EventDate "2018.04.03"]
[EventType "team-swiss"]
[EventRounds "11"]
[EventCountry "CRO"]
[SourceTitle "CBM 184 Extra"]
[Source "ChessBase"]
[SourceDate "2018.06.28"]
[SourceVersion "1"]
[SourceVersionDate "2018.06.28"]
[SourceQuality "1"]

1. d4 d5 2. Nf3 Nc6 3. Bf4 Nf6 4. e3 Bf5 5. c4 e6 6. Nc3 Bb4 7. Qb3 0-0 8. Be2 Bxc3+ 9. bxc3 b6 10. Ne5 Nxe5 11. Bxe5 c6 12. 0-0 Ng4 13. Bg3 h6 14. cxd5 exd5 15. Bf3 Nf6 16. Rfd1 Be4 17. Be2 b5 18. a4 a6 19. a5 Bg6 20. Bh4 Qd6 21. Qb4 Qxb4 22. cxb4 Ne4 23. Rac1 Rac8 24. f3 Nd6 25. Be7 Rfe8 26. Bxd6 Rxe3 27. Kf2 Re6 28. Bf4 Rce8 29. Re1 Bh7 30. h4 f6 31. Bd2 Kf7 32. g4 g5 33. Bf1 Rc8 34. hxg5 hxg5 35. Rxe6 Kxe6 36. Re1+ Kf7 37. Re3 Re8 38. Rxe8 Kxe8 39. f4 gxf4 40. Bxf4 Kd7 41. Ke3 Ke6 42. Bd3 Bxd3 43. Kxd3 Kf7 44. Ke3 Ke6 45. Bc7 Kf7 46. Kf4 Ke6 47. Bb6 Kf7 48. Kf5 Ke7 49. Bc7 Kd7 50. Bg3 Ke7 51. Bh4 1-0

[Event "CRO-chT U20 26th"]
[Site "Sv Filip i Jakov"]
[Date "2018.04.03"]
[Round "2.3"]
[White "Kanizaj, Benjamin"]
[Black "Fiskus, Eva"]
[Result "1-0"]
[WhiteElo "1940"]
[BlackElo "1294"]
[PlyCount "51"]
[EventDate "2018.04.03"]
[EventType "team-swiss"]
[EventRounds "11"]
[EventCountry "CRO"]
[SourceTitle "CBM 184 Extra"]
[Source "ChessBase"]
[SourceDate "2018.06.28"]
[SourceVersion "1"]
[SourceVersionDate "2018.06.28"]
[SourceQuality "1"]

1. e4 e5 2. Nf3 Nc6 3. d4 f6 4. dxe5 fxe5 5. Bc4 Nf6 6. 0-0 d6 7. Ng5 Qe7 8. Nc3 h6 9. Nd5 Nxd5 10. Qh5+ Kd7 11. Bxd5 Qf6 12. f4 g6 13. Qg4+ Ke7 14. f5 Qg7 15. Ne6 Bxe6 16. Bxe6 gxf5 17. Qxf5 Nd4 18. Qf7+ Qxf7 19. Bxf7 Nxc2 20. Rb1 Bg7 21. Bb3 Rhf8 22. Bxc2 Rxf1+ 23. Kxf1 Rf8+ 24. Ke2 c5 25. b4 b6 26. a4 1-0

[Event "CRO-ch U15 Girls"]
[Site "Trogir"]
[Date "2017.06.20"]
[Round "7"]
[White "Muha, Magdalena"]
[Black "Fiskus, Eva"]
[Result "1-0"]
[WhiteElo "1638"]
[BlackElo "1344"]
[PlyCount "69"]
[EventDate "2017.06.17"]
[EventType "swiss"]
[EventRounds "9"]
[EventCountry "CRO"]
[SourceTitle "CBM 179 Extra"]
[Source "ChessBase"]
[SourceDate "2017.08.23"]
[SourceVersion "1"]
[SourceVersionDate "2017.08.23"]
[SourceQuality "1"]

1. d4 d5 2. c4 Nf6 3. cxd5 Qxd5 4. Nc3 Qd8 5. e4 e6 6. Bc4 Bb4 7. f3 Nc6 8. Nge2 0-0 9. 0-0 Bxc3 10. bxc3 Ne7 11. Bg5 Nd7 12. f4 Nb6 13. Bd3 f6 14. Bh4 Qe8 15. Rf3 Nc6 16. Qc2 Bd7 17. e5 f5 18. Kh1 a6 19. Rg1 Kh8 20. g4 Nd5 21. gxf5 exf5 22. Rfg3 Qh5 23. Rh3 Qh6 24. Rg5 Nce7 25. Qb3 b5 26. c4 bxc4 27. Bxc4 c6 28. Be1 Qe6 29. Qg3 g6 30. Bb4 Rg8 31. Bxe7 Qxe7 32. Rxg6 Rxg6 33. Qxg6 Rg8 34. Qh6 Rg6 35. Qxg6 1-0

[Event "EU-ch U12 Girls 25th"]
[Site "Porec"]
[Date "2015.09.25"]
[Round "5"]
[White "Fiskus, Eva"]
[Black "Mang, Jessie"]
[Result "1/2-1/2"]
[WhiteElo "1382"]
[BlackElo "1432"]
[PlyCount "110"]
[EventDate "2015.09.21"]
[EventType "swiss"]
[EventRounds "9"]
[EventCountry "CRO"]
[SourceTitle "EXT 2016"]
[Source "ChessBase"]
[SourceDate "2015.10.08"]
[SourceVersion "1"]
[SourceVersionDate "2015.10.08"]
[SourceQuality "1"]

1. e4 c5 2. Nc3 d6 3. Nf3 Nf6 4. Bc4 g6 5. d3 Bg7 6. Ng5 0-0 7. Be3 Nc6 8. Qd2 a6 9. a3 b5 10. Ba2 Bb7 11. Nf3 Nd7 12. 0-0-0 b4 13. axb4 Nxb4 14. Bb1 Qa5 15. Bh6 Bxh6 16. Qxh6 Rfc8 17. Ng5 Nf6 18. f4 c4 19. Rhf1 cxd3 20. e5 dxe5 21. fxe5 Qxe5 22. Rde1 d2+ 23. Kxd2 Qd4+ 24. Kc1 Nd3+ 25. cxd3 Bxg2 26. Rg1 Qf4+ 27. Kd1 Bf3+ 28. Kc2 Bd5 29. Rgf1 Qd6 30. Qh4 h5 31. Qf4 Qxf4 32. Rxf4 Ra7 33. Kd2 Bb3 34. Ba2 Bxa2 35. Nxa2 Rb7 36. Rb4 Rxb4 37. Nxb4 e6 38. Ne4 Nxe4+ 39. Rxe4 a5 40. Nc2 Ra8 41. Ra4 Kf8 42. b4 Ke7 43. Rxa5 Rxa5 44. bxa5 Kd7 45. Kc3 Kc6 46. Kb4 Kb7 47. Kb5 g5 48. Nd4 g4 49. a6+ Ka8 50. Ne2 e5 51. d4 exd4 52. Nxd4 h4 53. Ne2 f5 54. Kc5 h3 55. Kd5 f4 1/2-1/2

[Event "EU-ch U12 Girls 25th"]
[Site "Porec"]
[Date "2015.09.22"]
[Round "2"]
[White "Pisova, Petra"]
[Black "Fiskus, Eva"]
[Result "1-0"]
[WhiteElo "1586"]
[BlackElo "1382"]
[PlyCount "71"]
[EventDate "2015.09.21"]
[EventType "swiss"]
[EventRounds "9"]
[EventCountry "CRO"]
[SourceTitle "EXT 2016"]
[Source "ChessBase"]
[SourceDate "2015.10.08"]
[SourceVersion "1"]
[SourceVersionDate "2015.10.08"]
[SourceQuality "1"]

1. e4 e5 2. Nf3 Nc6 3. Nc3 Nf6 4. Bb5 Bb4 5. d3 h6 6. Bxc6 dxc6 7. Nxe5 Qd4 8. Nf3 Bxc3+ 9. bxc3 Qxc3+ 10. Bd2 Qc5 11. 0-0 Be6 12. Be3 Qe7 13. a4 0-0 14. Nd4 Ng4 15. Bf4 Rfc8 16. Bg3 Qf6 17. Nxe6 Qxe6 18. Qe2 Ne5 19. f4 Nd7 20. f5 Qe7 21. Qg4 Qg5 22. Qf3 b5 23. Bf4 Qe7 24. Qg3 g5 25. h4 f6 26. hxg5 fxg5 27. e5 Qc5+ 28. Kh1 Kf8 29. f6 Kf7 30. e6+ Kxe6 31. Rae1+ Kf7 32. Re7+ Kf8 33. Rxd7 Qb6 34. Qh3 Ke8 35. Re7+ Kd8 36. Qd7# 1-0

[Event "Topusko op 4th"]
[Site "Topusko"]
[Date "2015.08.04"]
[Round "5"]
[White "Novak, Vjekoslav"]
[Black "Fiskus, Eva"]
[Result "1-0"]
[WhiteElo "1733"]
[BlackElo "1658"]
[PlyCount "21"]
[EventDate "2015.08.01"]
[EventType "swiss"]
[EventRounds "9"]
[EventCountry "CRO"]
[SourceTitle "CBM 167 Extra"]
[Source "ChessBase"]
[SourceDate "2015.09.14"]
[SourceVersion "1"]
[SourceVersionDate "2015.09.14"]
[SourceQuality "1"]

1. f4 d6 2. e4 e5 3. Nf3 Nc6 4. Bb5 exf4 5. 0-0 Bd7 6. d4 Qe7 7. Bxf4 Qxe4 8. Re1 Qxe1+ 9. Qxe1+ Nge7 10. d5 Nd8 11. Bxd7+ 1-0

[Event "Topusko op 4th"]
[Site "Topusko"]
[Date "2015.08.02"]
[Round "3"]
[White "Radenic, Filip"]
[Black "Fiskus, Eva"]
[Result "1-0"]
[WhiteElo "1893"]
[BlackElo "1658"]
[PlyCount "119"]
[EventDate "2015.08.01"]
[EventType "swiss"]
[EventRounds "9"]
[EventCountry "CRO"]
[SourceTitle "CBM 167 Extra"]
[Source "ChessBase"]
[SourceDate "2015.09.14"]
[SourceVersion "1"]
[SourceVersionDate "2015.09.14"]
[SourceQuality "1"]

1. c4 d6 2. d4 c6 3. e4 Nf6 4. Nc3 Qc7 5. Bd3 g6 6. Nge2 Bg7 7. f3 e6 8. Bg5 0-0 9. Qd2 b6 10. 0-0-0 Qb7 11. Bh6 d5 12. Bxg7 Kxg7 13. h4 Nbd7 14. e5 Ne8 15. h5 c5 16. hxg6 fxg6 17. Qh6+ Kf7 18. Qxh7+ Ng7 19. Bxg6+ Ke7 20. Qxg7+ Kd8 21. Nxd5 exd5 22. e6 Nb8 23. Qxf8+ Kc7 24. Qf4+ Kc6 25. cxd5+ Kb5 26. Nc3+ Ka6 27. Bd3+ b5 28. Bxb5+ Kb6 29. dxc5+ Ka5 30. Qxb8 Rxb8 31. a3 Qxb5 32. Nxb5 Kxb5 33. b4 a5 34. Rh4 axb4 35. Rxb4+ Ka5 36. Rxb8 Ba6 37. Ra8 Kb5 38. Rxa6 Kxa6 39. e7 Kb5 40. c6 Ka4 41. Kb2 Kb5 42. c7 Ka6 43. g4 Kb7 44. d6 Kc8 45. f4 Kd7 46. f5 Ke8 47. g5 Kd7 48. g6 Ke8 49. f6 Kd7 50. f7 Kc6 51. g7 Kd7 52. g8N Kc6 53. f8N Kb7 54. e8B Kb6 55. c8N+ Ka6 56. d7 Kb5 57. d8N+ Ka5 58. Rd5+ Ka6 59. Bb5+ Ka5 60. Nc6# 1-0